000
00379nam a2200145Ia 4500
008
100122s9999 xx 000 0 und d
082
_b
51074
_a
823
100
_a
शिरवळकर सुहास
245
_a
झलक
260
_b
कलाभारती प्रकाशन
_c
1995
300
_a
108
630
_a
झलक
730
_a
झलक
942
_c
BOOK
999
_c
428624
_d
428621